00545nam a2200145Ia 4500008004100000245016800041260001700209260000900226300000800235650002300243650001200266856002900278999001900307952007300326170516s9999 xx 000 0 und d aEvolution- and Structure-Based Computational Strategy Reveals the Impact of Deleterious Missense Mutations on MODY 2 (Maturity-Onset Diabetes of the Young, Type 2) bTheranostics c2014 a4:4 xMedical Technology xMedtech uhttp://www.thno.org/v4i4 c330247d330247 001040aCLbCLd2017-05-16l0r2017-05-16 00:00:00w2017-05-16yFOJ